FIFA Members Quiz - Statistics

General Stats
  • This quiz has been taken 2,111 times
  • The average score is 157 of 211
Answer Stats
Code Association FIFA % Correct
ENG UEFA England
91%
ARG CONMEBOL Argentina
90%
BRA CONMEBOL Brazil
90%
FRA UEFA France
90%
USA CONCACAF United States
90%
RUS UEFA Russia
89%
ESP UEFA Spain
89%
CAN CONCACAF Canada
88%
GER UEFA Germany
88%
POR UEFA Portugal
88%
IRL UEFA Republic of Ireland
88%
BEL UEFA Belgium
87%
DEN UEFA Denmark
87%
FIN UEFA Finland
87%
MEX CONCACAF Mexico
87%
SCO UEFA Scotland
87%
SWE UEFA Sweden
87%
URU CONMEBOL Uruguay
87%
AUT UEFA Austria
86%
CHI CONMEBOL Chile
86%
CHN AFC China
86%
COL CONMEBOL Colombia
86%
NZL OFC New Zealand
86%
WAL UEFA Wales
86%
AND UEFA Andorra
85%
BOL CONMEBOL Bolivia
85%
ECU CONMEBOL Ecuador
85%
ITA UEFA Italy
85%
JPN AFC Japan
85%
NED UEFA Netherlands
85%
NOR UEFA Norway
85%
PAR CONMEBOL Paraguay
85%
PER CONMEBOL Peru
85%
POL UEFA Poland
85%
TUR UEFA Turkey
85%
VEN CONMEBOL Venezuela
85%
ALB UEFA Albania
84%
AUS AFC Australia
84%
CRO UEFA Croatia
84%
EST UEFA Estonia
84%
SRB UEFA Serbia
84%
SVK UEFA Slovakia
84%
SVN UEFA Slovenia
84%
KOR AFC South Korea
84%
UKR UEFA Ukraine
84%
IND AFC India
83%
LVA UEFA Latvia
83%
NIR UEFA Northern Ireland
83%
PRK AFC North Korea
83%
ROU UEFA Romania
83%
SMR UEFA San Marino
83%
SUI UEFA Switzerland
83%
BUL UEFA Bulgaria
82%
EGY CAF Egypt
82%
GRE UEFA Greece
82%
HUN UEFA Hungary
82%
ISL UEFA Iceland
82%
IRN AFC Iran
82%
LTU UEFA Lithuania
82%
ALG CAF Algeria
81%
ARM UEFA Armenia
81%
AZE UEFA Azerbaijan
81%
BLR UEFA Belarus
81%
BIH UEFA Bosnia and Herzegovina
81%
CZE UEFA Czech Republic
81%
IRQ AFC Iraq
81%
LUX UEFA Luxembourg
81%
KSA AFC Saudi Arabia
81%
AFG AFC Afghanistan
80%
CRC CONCACAF Costa Rica
80%
IDN AFC Indonesia
80%
ISR UEFA Israel
80%
JAM CONCACAF Jamaica
80%
LIE UEFA Liechtenstein
80%
MAR CAF Morocco
80%
PAN CONCACAF Panama
80%
QAT AFC Qatar
80%
RSA CAF South Africa
80%
CUB CONCACAF Cuba
79%
CYP UEFA Cyprus
79%
GEO UEFA Georgia
79%
HON CONCACAF Honduras
79%
KAZ UEFA Kazakhstan
79%
MKD UEFA North Macedonia
79%
DOM CONCACAF Dominican Republic
78%
FIJ OFC Fiji
78%
KVX UEFA Kosovo
78%
MLT UEFA Malta
78%
NIG CAF Niger
78%
OMA AFC Oman
78%
PAK AFC Pakistan
78%
HAI CONCACAF Haiti
77%
MDA UEFA Moldova
77%
MNE UEFA Montenegro
77%
SEN CAF Senegal
77%
VIE AFC Vietnam
77%
YEM AFC Yemen
77%
CMR CAF Cameroon
76%
COD CAF Democratic Republic of Congo
76%
GHA CAF Ghana
76%
NGA CAF Nigeria
76%
CGO CAF Republic of Congo
76%
SDN CAF Sudan
76%
THA AFC Thailand
76%
TUN CAF Tunisia
76%
UAE AFC United Arab Emirates
76%
ANG CAF Angola
75%
SLV CONCACAF El Salvador
75%
GUI CAF Guinea
75%
SSD CAF South Sudan
75%
TKM AFC Turkmenistan
75%
UZB AFC Uzbekistan
75%
ZIM CAF Zimbabwe
75%
BHU AFC Bhutan
74%
DMA CONCACAF Dominica
74%
GUA CONCACAF Guatemala
74%
JOR AFC Jordan
74%
LAO AFC Laos
74%
LBY CAF Libya
74%
MNG AFC Mongolia
74%
PNG OFC Papua New Guinea
74%
SYR AFC Syria
74%
TOG CAF Togo
74%
TRI CONCACAF Trinidad and Tobago
74%
ZAM CAF Zambia
74%
BAH CONCACAF Bahamas
73%
BHR AFC Bahrain
73%
BLZ CONCACAF Belize
73%
CAM AFC Cambodia
73%
TPE AFC Chinese Taipei
73%
GUY CONCACAF Guyana
73%
MAS AFC Malaysia
73%
MLI CAF Mali
73%
NEP AFC Nepal
73%
TJK AFC Tajikistan
73%
ASA OFC American Samoa
72%
ATG CONCACAF Antigua and Barbuda
72%
CHA CAF Chad
72%
ETH CAF Ethiopia
72%
KEN CAF Kenya
72%
KGZ AFC Kyrgyzstan
72%
MAD CAF Madagascar
72%
MYA AFC Myanmar
72%
PHI AFC Philippines
72%
SAM OFC Samoa
72%
SIN AFC Singapore
72%
SUR CONCACAF Suriname
72%
BRB CONCACAF Barbados
71%
CIV CAF Ivory Coast
71%
KUW AFC Kuwait
71%
NCA CONCACAF Nicaragua
71%
SOM CAF Somalia
71%
BAN AFC Bangladesh
70%
ERI CAF Eritrea
70%
LBN AFC Lebanon
70%
LES CAF Lesotho
70%
RWA CAF Rwanda
70%
SRI AFC Sri Lanka
70%
TGA OFC Tonga
70%
BRU AFC Brunei
69%
SWZ CAF Eswatini
69%
LBR CAF Liberia
69%
SKN CONCACAF Saint Kitts and Nevis
69%
BEN CAF Benin
68%
BOT CAF Botswana
68%
DJI CAF Djibouti
68%
TLS AFC East Timor
68%
EQG CAF Equatorial Guinea
68%
GNB CAF Guinea-Bissau
68%
NAM CAF Namibia
68%
LCA CONCACAF Saint Lucia
68%
SOL OFC Solomon Islands
68%
TAN CAF Tanzania
68%
UGA CAF Uganda
68%
VAN OFC Vanuatu
68%
BDI CAF Burundi
67%
CTA CAF Central African Republic
67%
FRO UEFA Faroe Islands
67%
GAB CAF Gabon
67%
GAM CAF Gambia
67%
GIB UEFA Gibraltar
67%
MTN CAF Mauritania
67%
VIN CONCACAF Saint Vincent and the Grenadines
67%
SEY CAF Seychelles
67%
CPV CAF Cape Verde
66%
MRI CAF Mauritius
66%
MOZ CAF Mozambique
66%
BFA CAF Burkina Faso
65%
COM CAF Comoros
65%
MDV AFC Maldives
65%
GRN CONCACAF Grenada
64%
MWI CAF Malawi
64%
STP CAF São Tomé and Príncipe
64%
SLE CAF Sierra Leone
63%
PLE AFC Palestine
60%
HKG AFC Hong Kong
57%
VIR CONCACAF U.S. Virgin Islands
56%
ARU CONCACAF Aruba
55%
PUR CONCACAF Puerto Rico
54%
BER CONCACAF Bermuda
52%
CUW CONCACAF Curaçao
52%
GUM AFC Guam
51%
MAC AFC Macau
48%
TAH OFC Tahiti
47%
NCL OFC New Caledonia
44%
VGB CONCACAF British Virgin Islands
43%
AIA CONCACAF Anguilla
42%
COK OFC Cook Islands
42%
CAY CONCACAF Cayman Islands
39%
MSR CONCACAF Montserrat
38%
TCA CONCACAF Turks and Caicos Islands
38%
No matching quizzes found
Score Distribution
Percent of People with Each Score
Percentile by Number Answered
Your Score History
You have not taken this quiz